[Event "OP-2014-0-03417"]
[Site "LSS email"]
[Date "2014.06.20"]
[Round "?"]
[White "Smaga, Aleksandr"]
[Black "Kubishin, Sergey"]
[Result "1-0"]
[WhiteElo "1806"]
[BlackElo "1402"]
[PlyCount "29"]
[EventDate "2014.06.03"]
[EventType "tourn (corr)"]
[EventRounds "4"]
[EventCountry "GER"]
[SourceTitle "Corr 2022"]
[Source "ChessBase"]
[SourceDate "2021.10.24"]
[SourceVersion "1"]
[SourceVersionDate "2021.10.24"]
[SourceQuality "1"]

1. d4 d5 2. c4 c6 3. Nf3 Nf6 4. e3 e6 5. Nc3 Nbd7 6. Qc2 Bd6 7. Bd3 0-0 8. 0-0 dxc4 9. Bxc4 b5 10. Bd3 Bb7 11. Ng5 h6 12. Nge4 Be7 13. Rd1 Qb6 14. Nxf6+ Nxf6 15. a3 1-0

[Event "ZL-2014-0-01443"]
[Site "LSS email"]
[Date "2014.04.29"]
[Round "?"]
[White "Kubishin, Sergey"]
[Black "Fiser, Otakar"]
[Result "1-0"]
[WhiteElo "1229"]
[BlackElo "1470"]
[PlyCount "69"]
[EventDate "2014.04.25"]
[EventType "match (corr)"]
[EventRounds "2"]
[EventCountry "GER"]
[SourceTitle "Corr 2022"]
[Source "ChessBase"]
[SourceDate "2021.10.24"]
[SourceVersion "1"]
[SourceVersionDate "2021.10.24"]
[SourceQuality "1"]

1. d4 Nf6 2. c4 g6 3. Nc3 Bg7 4. e4 d6 5. Be2 0-0 6. Bg5 Na6 7. f4 c6 8. Qd2 c5 9. d5 Re8 10. Nf3 Bg4 11. 0-0 Nd7 12. Rae1 h6 13. Bh4 Qb6 14. Bd3 Nb4 15. Bb1 Qa5 16. e5 Bxf3 17. Rxf3 dxe5 18. Bf2 Na6 19. f5 g5 20. h4 g4 21. Rg3 Nf6 22. Rxe5 Kf8 23. Be3 Qc7 24. Bf4 h5 25. Nb5 Qd7 26. Bh6 Nc7 27. Nc3 Qd6 28. Bxg7+ Kxg7 29. Qg5+ Kf8 30. Rge3 b5 31. Re6 Qd7 32. Ne4 fxe6 33. Qh6+ Kg8 34. Ng5 Rf8 35. fxe6 1-0

[Event "RE-2013-0-00136"]
[Site "LSS email"]
[Date "2014.04.29"]
[Round "?"]
[White "Kubishin, Sergey"]
[Black "Perez Garcia, Miguel"]
[Result "1-0"]
[WhiteElo "1254"]
[BlackElo "1399"]
[PlyCount "39"]
[EventDate "2013.12.30"]
[EventType "tourn (corr)"]
[EventRounds "6"]
[EventCountry "GER"]
[SourceTitle "Telechess CBM 167"]
[Source "ChessBase"]
[SourceDate "2015.07.13"]
[SourceVersion "1"]
[SourceVersionDate "2015.07.13"]
[SourceQuality "1"]

1. d4 Nf6 2. c4 e6 3. Nc3 d5 4. cxd5 exd5 5. Bg5 Nbd7 6. e3 c6 7. Bd3 h6 8. Bf4 Nb6 9. h3 Bd6 10. Bxd6 Qxd6 11. Nf3 Qb4 12. Qc2 0-0 13. 0-0 Re8 14. Ne5 Nbd7 15. f4 Nxe5 16. fxe5 Nd7 17. Bh7+ Kf8 18. Qg6 Nf6 19. Rxf6 Be6 20. Rf2 1-0

[Event "RE-2013-0-00136"]
[Site "LSS email"]
[Date "2014.04.28"]
[Round "?"]
[White "Kubishin, Sergey"]
[Black "Huber, Erich"]
[Result "1/2-1/2"]
[WhiteElo "1254"]
[BlackElo "1132"]
[PlyCount "33"]
[EventDate "2013.12.30"]
[EventType "tourn (corr)"]
[EventRounds "6"]
[EventCountry "GER"]
[SourceTitle "Telechess CBM 167"]
[Source "ChessBase"]
[SourceDate "2015.07.13"]
[SourceVersion "1"]
[SourceVersionDate "2015.07.13"]
[SourceQuality "1"]

1. d4 Nf6 2. c4 e6 3. Nc3 Bb4 4. f3 d5 5. a3 Bxc3+ 6. bxc3 c5 7. cxd5 exd5 8. e3 c4 9. Ne2 0-0 10. g4 Nc6 11. Bg2 Na5 12. 0-0 Nb3 13. Rb1 Bd7 14. e4 Ne8 15. e5 Qa5 16. h3 f5 17. Bg5 1/2-1/2

[Event "ZL-2014-0-01438"]
[Site "LSS email"]
[Date "2014.04.25"]
[Round "?"]
[White "Caviglia, Maximiliano"]
[Black "Kubishin, Sergey"]
[Result "0-1"]
[WhiteElo "1178"]
[BlackElo "1202"]
[PlyCount "38"]
[EventDate "2014.04.21"]
[EventType "match (corr)"]
[EventRounds "2"]
[EventCountry "GER"]
[SourceTitle "Corr 2022"]
[Source "ChessBase"]
[SourceDate "2021.10.24"]
[SourceVersion "1"]
[SourceVersionDate "2021.10.24"]
[SourceQuality "1"]

1. e4 c5 2. Nf3 Nc6 3. d4 cxd4 4. Nxd4 e5 5. Nb5 a6 6. Nd6+ Bxd6 7. Qxd6 Qe7 8. Qd1 Nf6 9. Bd3 d5 10. Bg5 Qb4+ 11. Nd2 Nxe4 12. a3 Qd4 13. Be3 Qxb2 14. Nxe4 dxe4 15. Bxe4 Qc3+ 16. Bd2 Qc4 17. Bxc6+ Qxc6 18. 0-0 0-0 19. h3 Bf5 0-1

[Event "BI-2014-P-0000"]
[Site "LSS email"]
[Date "2014.04.19"]
[Round "?"]
[White "Tyutyunnik, Roman"]
[Black "Kubishin, Sergey"]
[Result "1-0"]
[WhiteElo "2048"]
[BlackElo "1229"]
[PlyCount "41"]
[EventDate "2014.04.25"]
[EventType "tourn (corr)"]
[EventRounds "10"]
[EventCountry "GER"]
[SourceTitle "Corr 2022"]
[Source "ChessBase"]
[SourceDate "2021.10.24"]
[SourceVersion "1"]
[SourceVersionDate "2021.10.24"]
[SourceQuality "1"]

1. e4 c5 2. Nf3 Nc6 3. d4 cxd4 4. Nxd4 e5 5. Nb5 a6 6. Nd6+ Bxd6 7. Qxd6 Qe7 8. Qd1 Nf6 9. Nc3 d6 10. Bg5 Be6 11. Nd5 Bxd5 12. exd5 Nb8 13. c4 Nbd7 14. Be2 0-0 15. 0-0 h6 16. Be3 a5 17. b3 Rfc8 18. a3 e4 19. Rc1 Rc7 20. h3 Rb8 21. Bf4 1-0

[Event "BI-2014-P-0000"]
[Site "LSS email"]
[Date "2014.04.19"]
[Round "?"]
[White "Van Rooijen, Peter"]
[Black "Kubishin, Sergey"]
[Result "1-0"]
[WhiteElo "1716"]
[BlackElo "1229"]
[PlyCount "43"]
[EventDate "2014.04.25"]
[EventType "tourn (corr)"]
[EventRounds "10"]
[EventCountry "GER"]
[SourceTitle "Corr 2022"]
[Source "ChessBase"]
[SourceDate "2021.10.24"]
[SourceVersion "1"]
[SourceVersionDate "2021.10.24"]
[SourceQuality "1"]

1. b4 e5 2. Bb2 Bxb4 3. f4 d6 4. Nf3 Nc6 5. a3 Bc5 6. e3 Bg4 7. h3 Bd7 8. fxe5 Nxe5 9. d4 Nxf3+ 10. Qxf3 Bb6 11. Bd3 Qh4+ 12. g3 Qg5 13. h4 Qe7 14. 0-0 Nf6 15. a4 a6 16. c4 Ba5 17. Bc3 Bxc3 18. Nxc3 0-0 19. Rfe1 c6 20. Rab1 Bg4 21. Qf4 Rad8 22. Ne4 1-0

[Event "RN-2014-0-00786"]
[Site "LSS email"]
[Date "2014.04.03"]
[Round "?"]
[White "Kubishin, Sergey"]
[Black "Hickl, Norbert"]
[Result "1-0"]
[WhiteElo "1254"]
[BlackElo "970"]
[PlyCount "35"]
[EventDate "2014.03.25"]
[EventType "tourn (corr)"]
[EventRounds "6"]
[EventCountry "GER"]
[SourceTitle "Telechess CBM 167"]
[Source "ChessBase"]
[SourceDate "2015.07.13"]
[SourceVersion "1"]
[SourceVersionDate "2015.07.13"]
[SourceQuality "1"]

1. Nf3 Nf6 2. g3 e6 3. Bg2 d5 4. 0-0 c5 5. c4 Nc6 6. cxd5 exd5 7. d4 Bf5 8. Nc3 Be7 9. dxc5 Bxc5 10. Bg5 d4 11. Nh4 dxc3 12. Nxf5 cxb2 13. Rb1 0-0 14. Qc2 Nd4 15. Qxc5 Nxe2+ 16. Kh1 b6 17. Ne7+ Kh8 18. Qe5 1-0

[Event "RN-2014-0-00786"]
[Site "LSS email"]
[Date "2014.04.03"]
[Round "?"]
[White "Lombardi, Donato"]
[Black "Kubishin, Sergey"]
[Result "0-1"]
[WhiteElo "903"]
[BlackElo "1254"]
[PlyCount "46"]
[EventDate "2014.03.25"]
[EventType "tourn (corr)"]
[EventRounds "6"]
[EventCountry "GER"]
[SourceTitle "Telechess CBM 167"]
[Source "ChessBase"]
[SourceDate "2015.07.13"]
[SourceVersion "1"]
[SourceVersionDate "2015.07.13"]
[SourceQuality "1"]

1. e4 c5 2. d4 cxd4 3. Qxd4 Nc6 4. Qe3 g6 5. Nf3 Bg7 6. Nc3 d6 7. Bd2 Bg4 8. Be2 Rc8 9. 0-0 Bxf3 10. Bxf3 a6 11. Rad1 Nf6 12. Rfe1 Nd7 13. Nd5 Nd4 14. Bc3 Nxc2 15. Qg5 Bxc3 16. Nxc3 Nxe1 17. Rxe1 Ne5 18. Be2 e6 19. f4 Qb6+ 20. Kh1 Qxb2 21. Qf6 Qxc3 22. Rg1 Nd3 23. Qxc3 Nf2# 0-1

[Event "RN-2014-0-00786"]
[Site "LSS email"]
[Date "2014.04.02"]
[Round "?"]
[White "Kubishin, Sergey"]
[Black "Fridich, Vaclav Sr"]
[Result "1-0"]
[WhiteElo "1254"]
[BlackElo "984"]
[PlyCount "49"]
[EventDate "2014.03.25"]
[EventType "tourn (corr)"]
[EventRounds "6"]
[EventCountry "GER"]
[SourceTitle "Telechess CBM 167"]
[Source "ChessBase"]
[SourceDate "2015.07.13"]
[SourceVersion "1"]
[SourceVersionDate "2015.07.13"]
[SourceQuality "1"]

1. d4 Nf6 2. c4 e5 3. dxe5 Ng4 4. Bf4 Nc6 5. Nf3 Bc5 6. e3 Qe7 7. Nc3 Ngxe5 8. Nxe5 Nxe5 9. Nd5 Qd6 10. Qh5 Bb4+ 11. Ke2 0-0 12. Qxe5 Qc5 13. Qxc7 h6 14. a3 Qa5 15. Nxb4 b6 16. Qe5 Qa4 17. Qc3 Bb7 18. Rd1 a5 19. Nd5 Bxd5 20. Rxd5 Rac8 21. Kd2 Rfd8 22. Be5 f6 23. Bxf6 gxf6 24. Qxf6 Rf8 25. Qg6+ 1-0

[Event "IECG CM.2003.0.00221 email"]
[Site "IECG email"]
[Date "2003.05.08"]
[Round "?"]
[White "Hnatovsky, Nicholas"]
[Black "Kubishin, Sergey"]
[Result "1-0"]
[WhiteElo "2280"]
[BlackElo "2241"]
[PlyCount "31"]
[EventDate "2003.05.08"]
[EventType "tourn (corr)"]
[EventRounds "6"]
[SourceTitle "Corr 2008"]
[Source "ChessBase"]
[SourceDate "2008.06.24"]
[SourceVersion "1"]
[SourceVersionDate "2008.06.24"]
[SourceQuality "1"]

1. d4 Nf6 2. Nf3 g6 3. Nc3 d5 4. Bf4 Bg7 5. Qd2 Ne4 6. Nxe4 dxe4 7. Ne5 Be6 8. e3 Nd7 9. Nc4 0-0 10. Rd1 c5 11. d5 Bg4 12. Be2 Bxe2 13. Qxe2 b5 14. Nd2 Qa5 15. 0-0 f5 16. Nb3 1-0

[Event "IECG LM.2000.0.00004 email"]
[Site "IECG email"]
[Date "2000.??.??"]
[Round "?"]
[White "Kubishin, Sergey"]
[Black "Scacco, Mauro"]
[Result "0-1"]
[WhiteElo "2241"]
[BlackElo "2225"]
[PlyCount "32"]
[EventDate "2000.04.24"]
[EventType "tourn (corr)"]
[EventRounds "14"]
[SourceTitle "Corr 2008"]
[Source "ChessBase"]
[SourceDate "2008.06.24"]
[SourceVersion "1"]
[SourceVersionDate "2008.06.24"]
[SourceQuality "1"]

1. d4 Nf6 2. c4 d6 3. Nc3 e5 4. Nf3 Nbd7 5. e4 c6 6. Be2 g6 7. 0-0 Bg7 8. Re1 0-0 9. Bf1 Re8 10. d5 c5 11. a3 Nh5 12. g3 Bf8 13. b4 Ng7 14. Be3 b6 15. Rb1 f5 16. Bd3 Nf6 0-1

[Event "IECG LM.2000.0.00004 email"]
[Site "IECG email"]
[Date "2000.??.??"]
[Round "?"]
[White "Simmelink, Joop Theo"]
[Black "Kubishin, Sergey"]
[Result "1-0"]
[WhiteElo "2319"]
[BlackElo "2241"]
[PlyCount "52"]
[EventDate "2000.04.24"]
[EventType "tourn (corr)"]
[EventRounds "14"]
[SourceTitle "Corr 2008"]
[Source "ChessBase"]
[SourceDate "2008.06.24"]
[SourceVersion "1"]
[SourceVersionDate "2008.06.24"]
[SourceQuality "1"]

1. e4 c5 2. Nf3 d6 3. d4 cxd4 4. Nxd4 Nf6 5. Nc3 a6 6. Bg5 e6 7. f4 Qb6 8. Qd2 Qxb2 9. Nb3 Qa3 10. Bxf6 gxf6 11. Be2 h5 12. 0-0 Nd7 13. f5 Be7 14. Nb1 Qb2 15. fxe6 fxe6 16. Nc3 Qa3 17. Qd4 Nc5 18. Rad1 Nxb3 19. axb3 Qc5 20. Qxc5 dxc5 21. Na4 c4 22. bxc4 Rb8 23. Nb2 Bc5+ 24. Kh1 Ke7 25. Nd3 Bd6 26. c5 Bc7 1-0